ARRUPE JESUIT UNIVERSITY

CORONAVIRUS -STOP THE SPREAD - CLEAN,DISINFECT,COVER

Against the nations : (Record no. 123710)

MARC details
000 -LEADER
fixed length control field 01159cam a2200301 a 4500
001 - CONTROL NUMBER
control field 617872
003 - CONTROL NUMBER IDENTIFIER
control field ARRUPE
005 - DATE AND TIME OF LATEST TRANSACTION
control field 20151030122313.0
008 - FIXED-LENGTH DATA ELEMENTS--GENERAL INFORMATION
fixed length control field 920819r19921985inu b 000 0 eng
010 ## - LIBRARY OF CONGRESS CONTROL NUMBER
LC control number 92050408
020 ## - INTERNATIONAL STANDARD BOOK NUMBER
International Standard Book Number 0268006385
040 ## - CATALOGING SOURCE
Original cataloging agency DLC
Transcribing agency DLC
Modifying agency DLC
050 10 - LIBRARY OF CONGRESS CALL NUMBER
Classification number BJ1251
Item number .H3248 1992
082 00 - DEWEY DECIMAL CLASSIFICATION NUMBER
Classification number 241/.62
Edition number 20
300 ## - PHYSICAL DESCRIPTION
Dimensions 23 cm.
100 1# - MAIN ENTRY--PERSONAL NAME
Personal name Hauerwas, Stanley,
Dates associated with a name 1940-
9 (RLIN) 6352
245 10 - TITLE STATEMENT
Title Against the nations :
Remainder of title war and survival in a liberal society /
Statement of responsibility, etc Stanley Hauerwas.
260 ## - PUBLICATION, DISTRIBUTION, ETC. (IMPRINT)
Place of publication, distribution, etc Notre Dame, Ind. :
Name of publisher, distributor, etc University of Notre Dame Press,
Date of publication, distribution, etc c1992.
300 ## - PHYSICAL DESCRIPTION
Extent viii, 208 p. ;
500 ## - GENERAL NOTE
General note Originally published: Minneapolis : Winston Press, 1985.
504 ## - BIBLIOGRAPHY, ETC. NOTE
Bibliography, etc Includes bibliographical references.
650 #0 - SUBJECT ADDED ENTRY--TOPICAL TERM
Topical term or geographic name as entry element Christian ethics
General subdivision Methodist authors.
9 (RLIN) 20831
650 #0 - SUBJECT ADDED ENTRY--TOPICAL TERM
Topical term or geographic name as entry element War
General subdivision Religious aspects
-- Christianity.
9 (RLIN) 20832
650 #0 - SUBJECT ADDED ENTRY--TOPICAL TERM
Topical term or geographic name as entry element Peace
General subdivision Religious aspects
-- Christianity.
9 (RLIN) 20833
650 #0 - SUBJECT ADDED ENTRY--TOPICAL TERM
Topical term or geographic name as entry element Christian sociology.
9 (RLIN) 20834
906 ## - LOCAL DATA ELEMENT F, LDF (RLIN)
a 7
b cbc
c orignew
d 1
e ocip
f 19
g y-gencatlg
942 ## - ADDED ENTRY ELEMENTS (KOHA)
Source of classification or shelving scheme Library of Congress Classification
Koha item type Monograph ( Printed materials)
Holdings
Withdrawn status Lost status Source of classification or shelving scheme Damaged status Not for loan Collection code Home library Current library Shelving location Date acquired Total Checkouts Full call number Barcode Date last seen Date checked out Price effective from Koha item type
    Library of Congress Classification     Main Collection ARRUPE LIBRARY ARRUPE LIBRARY Main Collection 30/10/2015 1 BJ1251.H3248 1992 46500005801 18/11/2016 10/10/2016 30/10/2015 Monograph ( Printed materials)

 

Arrupe Library. PO Box MP320 Mt Pleasant, Harare, Zimbabwe
263 242 745411|librarian@aju.ac.zw